000 00391cam a22001097a 4500
008 180718b1961 xxu||||| |||| 00| 0 eng d
082 _aT000x54 1956-61/P
245 _aReport on progre of selected projects during the second five year plan
_cby Planning Commission
260 _aNew Delhi
_bGovernment of India Photo- Linto Press
_c1961
300 _a109p.
700 _aIndia. Planning Commission
999 _c496598
_d496598